000 01328nam a22002771a 4500
999 _c18408
_d18408
001 18408
003 OSt
005 20260204212404.0
008 171120s2017||||dr ||||||b||||||||||spa||
090 _aM-BA 2017-H37
100 1 _aHernández,Elsa Eridania
_esustentante
245 1 0 _aPrevención de conflictos y manejo conductual. Escuela Emiliano Espaillat, Nivel primario, Distrito Educativo 16-02 de Fantino /
_cHernández, Elsa Eridania, Antonia Vásquez García, Dominga C. Díaz Santana y otros cinco ; asesor Agustina de la Cruz
260 _aCotuí, República Dominicana :
_bUTECO,
_c2017
300 _axiv, 104 hojas :
_bIlustraciones ;
_c28cm.
502 _aMonográfico (Licenciatura en Educación Básica)--Universidad Tecnológica del Cibao Oriental, 2017
504 _aIncluye referencia bibliográfica e índice
650 _aManejo conductual - manejo de conflictos
700 1 _aFarias Disla, María Alt.
_esustentante
700 1 _aBautista , Rosa María
_esustentante
700 1 _aFélix Melenciano, Lucila
_esustentante
700 1 _aRosario Acosta, Yajaira
_esustentante
700 1 _aMaría José, Elinardo
_esustentante
700 1 _aDe la Crus, Agustina
_easesor
830 _aTesis y disertaciones académicas (Universidad Tecnológica del Cibao Oriental)
942 _2LC
_cTH